Monitoring Land Supply with Geographic Information Systems : Theory, Practice, and Parcel-Based Approaches

Bibliographic Details
Other Authors: Hubner, Michael, Moudon, Anne Vernez
Format: Book
Language:English
Published: New York : John Wiley & Sons, Inc. , c2000
Subjects:

MARC

LEADER 00000cam a2200000 7i4500
001 0000009852
005 20230511.0
008 011218 nyu eng
020 |a 0471371637 (hbk) 
040 |a INS 
090 0 0 |a TA549   |b .M66 2000 
245 0 0 |a Monitoring Land Supply with Geographic Information Systems :   |b Theory, Practice, and Parcel-Based Approaches   |c Edited by Anne Vernez Moudon and Michael Hubner 
260 |a New York :   |b John Wiley & Sons, Inc. ,   |c c2000 
300 |a xii, 335p. :   |b ill. ;   |c 25 cm. 
504 |a Includes bibliographical references and index 
650 0 |a City planning   |x Data processing 
650 0 |a Geographic information systems 
650 0 |a Land use, urban   |x Data processing 
650 0 |a Surveying 
700 1 |a Hubner, Michael 
700 1 |a Moudon, Anne Vernez 
999 |a 0000008959   |b BOOK   |c Open Shelf   |e Default branch